Worlds 2022 - Statistics

General Stats
  • This quiz has been taken 17 times
  • The average score is 58 of 144
Answer Stats
Hint Answer % Correct
Top 369
100%
LPL #1 JDG
92%
Jungle Kanavi
92%
Mid Faker
85%
Jungle Peanut
85%
LPL #2 Top Esports
85%
Top Brokenblade
77%
Mid Chovy
77%
Top Doran
77%
LCK #4 DRX
77%
LPL #3 Edward gaming
77%
LCK #1 Gen G
77%
Mid Humanoid
77%
Support Keria
77%
ADC Ruler
77%
Mid Showmaker
77%
LCK #2 T1
77%
Jungle Tian
77%
ADC Viper
77%
Mid Yagao
77%
Top Armut
69%
Jungle Canyon
69%
Mid CaPs
69%
ADC Deft
69%
LCS #3 Evil geniuses
69%
ADC Flakked
69%
Top Flandre
69%
LEC #3 Fnatic
69%
ADC Hope
69%
Support Hylissang
69%
ADC Jackeylove
69%
Jungle Jankos
69%
LEC #4 Mad Lions
69%
Support Meiko
69%
Jungle Razork
69%
LPL #4 RNG
69%
LEC #1 Rogue
69%
Mid Scout
69%
Support Targamas
69%
ADC Upset
69%
Top Wunder
69%
Mid Zeka
69%
Top Zeus
69%
LCS #2 100 Thieves
62%
Support BeryL
62%
LCK #3 Damwon Kia
62%
Jungle Elyoya
62%
LEC #2 G2
62%
ADC Gala
62%
VCS #1 GAM
62%
Jungle Jiejie
62%
Jungle Malrang
62%
Mid Nisqy
62%
Top Nuguri
62%
Top Odoamne
62%
Jungle Oner
62%
Jungle Pyosik
62%
LCS #1 Cloud9
54%
ADC Comp
54%
Jungle Inspired
54%
Mid Jensen
54%
Support Kaiser
54%
Top Kingen
54%
Mid Knight
54%
Support Ming
54%
Support Missing
54%
Support Trymbi
54%
Support Bie
46%
LJL#1 Detonation focusme
46%
Top Evi
46%
Top Impact
46%
Mid Larssen
46%
ADC Unforgiven
46%
ADC Berserker
38%
PCS #2 Beyond Gaming
38%
Top Breathe
38%
Jungle Closer
38%
ADC deokdam
38%
Top Fudge
38%
Support Kellin
38%
Jungle Levi
38%
CBLOL#1 Loud
38%
Support Vulcan
38%
Jungle Wei
38%
Support Zven
38%
Jungle Blaber
31%
ADC FBI
31%
Support Huhi
31%
Support Mark
31%
VCS #2 Saigon Buffalo
31%
PCS #1 Flying Oysters
23%
ADC Kaori
23%
Top Kiaya
23%
ADC Shogun
23%
Top Ssumday
23%
Top Wayward
23%
ADC Gumayushi
15%
LLA#1 Isurus
15%
Top Robo
15%
Jungle Steal
15%
ADC Yutapon
15%
Mid Aberdagge
8%
Top ADD
8%
Jungle arthur
8%
OCE#1 Chiefs
8%
Jungle Croc
8%
Mid Froggy
8%
Jungle Gemini
8%
ADC HolyPhoenix
8%
TCL#1 Istanbul Wildcats
8%
Mid Joyopyun
8%
Support Lahends
8%
Mid Mission
8%
Top Rest
8%
Mid tally
8%
Mid Tinowns
8%
Mid Yaharong
8%
Support Aladoric
0%
Jungle Beanj
0%
ADC Brance
0%
Support Ceos
0%
Support Farfetch
0%
Jungle Ferret
0%
ADC Gavotto
0%
Jungle Grell
0%
Support Harp
0%
Top Hasmed
0%
Jungle Husha
0%
Support Jelly
0%
Mid Kati
0%
Support Kino
0%
Support Koala
0%
Top Likai
0%
Mid Minji
0%
ADC Raes
0%
Mid Seiya
0%
Mid serin
0%
ADC Shunn
0%
Top Starscreen
0%
ADC Sty1e
0%
Support Taki
0%
Top Topoon
0%
ADC Wako
0%
Mid Xiaouhu
0%
No matching quizzes found
Score Distribution
Percent of People with Each Score
Percentile by Number Answered
Your Score History
You have not taken this quiz